<?xml version="1.0" encoding="UTF-8"?>
<record
    xmlns:xsi="http://www.w3.org/2001/XMLSchema-instance"
    xsi:schemaLocation="http://www.loc.gov/MARC21/slim http://www.loc.gov/standards/marcxml/schema/MARC21slim.xsd"
    xmlns="http://www.loc.gov/MARC21/slim">

  <leader>01678nam a22002297a 4500</leader>
  <datafield tag="999" ind1=" " ind2=" ">
    <subfield code="c">8388</subfield>
    <subfield code="d">8388</subfield>
  </datafield>
  <controlfield tag="003">GBCCL</controlfield>
  <controlfield tag="005">20241126110649.0</controlfield>
  <controlfield tag="008">210202b           ||||| |||| 00| 0 eng d</controlfield>
  <datafield tag="022" ind1=" " ind2=" ">
    <subfield code="a">9780310273332 </subfield>
  </datafield>
  <datafield tag="022" ind1=" " ind2=" ">
    <subfield code="a">0310273331</subfield>
  </datafield>
  <datafield tag="040" ind1=" " ind2=" ">
    <subfield code="c">gbc</subfield>
  </datafield>
  <datafield tag="082" ind1=" " ind2=" ">
    <subfield code="a">220.6</subfield>
    <subfield code="b">THR</subfield>
  </datafield>
  <datafield tag="245" ind1=" " ind2=" ">
    <subfield code="a">Three views on the New Testament use of the Old Testament : </subfield>
    <subfield code="c">general editors, Kenneth Berding and Jonathan Lunde.</subfield>
    <subfield code="b">single meaning, unified referents</subfield>
  </datafield>
  <datafield tag="260" ind1=" " ind2=" ">
    <subfield code="a">Grand Rapids, Mich. : </subfield>
    <subfield code="b">Zondervan, </subfield>
    <subfield code="c">2008.</subfield>
  </datafield>
  <datafield tag="300" ind1=" " ind2=" ">
    <subfield code="a">256 pages ; </subfield>
    <subfield code="b">21 cm</subfield>
  </datafield>
  <datafield tag="440" ind1=" " ind2=" ">
    <subfield code="a">Counterpoints : exploring theology.</subfield>
    <subfield code="9">14678</subfield>
  </datafield>
  <datafield tag="505" ind1=" " ind2=" ">
    <subfield code="a">ntroduction: An introduction to central questions in the New Testament's use of the Old Testament / Jonathan Lunde --
Single meaning, unified referents : accurate and authoritative citations of the Old Testament by the New Testament / Walter C. Kaiser, Jr. --
Responses / Darrell L. Bock, Peter Enns --
Single meaning, multiple contexts and referents : the New Testament's legitimate, accurate, and multifaceted use of the Old / Darrell L. Bock --
Responses / Walter C. Kaiser, Jr., Peter Enns --
Fuller meaning, single goal : a christotelic approach to the New Testament's use of the Old in its first-century interpretive environment / Peter Enns --
Responses / Walter C. Kaiser, Jr., Darrell L. Bock --
Conclusion: An analysis of three views on the New Testament's use of the Old Testament / Kenneth Berding.</subfield>
  </datafield>
  <datafield tag="650" ind1=" " ind2=" ">
    <subfield code="a">Bible. -- New Testament -- Criticism, interpretation, etc. </subfield>
    <subfield code="9">13301</subfield>
  </datafield>
  <datafield tag="650" ind1=" " ind2=" ">
    <subfield code="a">Bible. -- Old Testament -- Relation to the New Testament. </subfield>
    <subfield code="9">14676</subfield>
  </datafield>
  <datafield tag="650" ind1=" " ind2=" ">
    <subfield code="a">Bible. -- New Testament -- Relation to the Old Testament.</subfield>
    <subfield code="9">14677</subfield>
  </datafield>
  <datafield tag="942" ind1=" " ind2=" ">
    <subfield code="2">ddc</subfield>
    <subfield code="c">BK</subfield>
    <subfield code="0">1</subfield>
  </datafield>
  <datafield tag="952" ind1=" " ind2=" ">
    <subfield code="0">0</subfield>
    <subfield code="1">0</subfield>
    <subfield code="2">ddc</subfield>
    <subfield code="4">0</subfield>
    <subfield code="7">0</subfield>
    <subfield code="a">GBC</subfield>
    <subfield code="b">GBC</subfield>
    <subfield code="c">BS</subfield>
    <subfield code="d">2021-02-02</subfield>
    <subfield code="l">0</subfield>
    <subfield code="o">220.6 THR</subfield>
    <subfield code="p">013865</subfield>
    <subfield code="r">2025-05-01 00:00:00</subfield>
    <subfield code="t">c.1</subfield>
    <subfield code="w">2021-02-02</subfield>
    <subfield code="y">BK</subfield>
  </datafield>
  <datafield tag="952" ind1=" " ind2=" ">
    <subfield code="0">0</subfield>
    <subfield code="1">0</subfield>
    <subfield code="2">ddc</subfield>
    <subfield code="4">0</subfield>
    <subfield code="7">0</subfield>
    <subfield code="a">GBC</subfield>
    <subfield code="b">GBC</subfield>
    <subfield code="c">BS</subfield>
    <subfield code="d">2021-02-02</subfield>
    <subfield code="l">1</subfield>
    <subfield code="o">220.6 THR</subfield>
    <subfield code="p">013866</subfield>
    <subfield code="r">2025-05-01 00:00:00</subfield>
    <subfield code="s">2022-06-17</subfield>
    <subfield code="t">c.2</subfield>
    <subfield code="w">2021-02-02</subfield>
    <subfield code="y">BK</subfield>
  </datafield>
</record>
